[Event "NAYCC U16"]
[Site "Kingston CAN"]
[Date "2019.08.17"]
[Round "3.158"]
[White "Liang, Dustin"]
[Black "Yang, Fan"]
[Result "1/2-1/2"]
[WhiteElo "1885"]
[BlackElo "2012"]
[PlyCount "92"]
[EventDate "2019.08.16"]
[EventType "swiss"]
[EventRounds "9"]
[EventCountry "CAN"]

1. e4 e5 2. Nf3 Nc6 3. Bc4 Bc5 4. O-O Nf6 5. d3 O-O 6. Re1 h6 7. Bb3 Re8 8. c3
d6 9. h3 Be6 10. Be3 Bb6 11. Nbd2 d5 12. Bxb6 axb6 13. Qc2 Nh5 14. exd5 Bxd5
15. g3 Qd7 16. Kg2 Rad8 17. Rad1 b5 18. Re3 Re6 19. Bxd5 Qxd5 20. Qb3 Qxb3 21.
Nxb3 b6 22. Rde1 Rde8 23. d4 e4 24. Nfd2 Nf6 25. a3 Nd8 26. R3e2 Nb7 27. Nf1
Nd6 28. Ne3 c6 29. Kf1 R6e7 30. Rd1 Nh5 31. Nd2 f5 32. Ng2 g5 33. g4 Nf4 34.
Nxf4 gxf4 35. f3 fxg4 36. fxe4 f3 37. Ree1 h5 38. e5 Nf5 39. Kf2 Rg7 40. hxg4
hxg4 41. Ne4 Rd8 42. Rg1 Kf7 43. Ng3 Nxg3 44. Kxg3 Ke6 45. Rh1 Rg6 46. Rh4 Rdg8
1/2-1/2

[Event "NAYCC U16"]
[Site "Kingston CAN"]
[Date "2019.08.17"]
[Round "3.159"]
[White "Wang, Alex"]
[Black "Chen, Alex"]
[Result "0-1"]
[WhiteElo "770"]
[BlackElo "1796"]
[PlyCount "68"]
[EventDate "2019.08.16"]
[EventType "swiss"]
[EventRounds "9"]
[EventCountry "CAN"]

1. e4 c5 2. Nf3 d6 3. d4 cxd4 4. Nxd4 Nf6 5. Nc3 g6 6. Be3 Bg7 7. f3 O-O 8. Bc4
Nc6 9. Nxc6 bxc6 10. Qd2 Qa5 11. O-O-O Rb8 12. Bb3 Be6 13. Bh6 Rfd8 14. Bxg7
Kxg7 15. Kb1 d5 16. e5 Nd7 17. Qg5 Qb4 18. h4 h6 19. Qe3 Nb6 20. a3 Qa5 21. h5
g5 22. f4 g4 23. Rhf1 Bf5 24. e6 fxe6 25. Qe5+ Kf7 26. Ne2 Nd7 27. Qe3 Qb6 28.
Nd4 Nf6 29. Nxf5 exf5 30. Qe5 e6 31. Rfe1 c5 32. a4 Qd6 33. Qxd6 Rxd6 34. Rh1
Rdb6 0-1

[Event "NAYCC U16"]
[Site "Kingston CAN"]
[Date "2019.08.17"]
[Round "3.160"]
[White "Yang, Kevin"]
[Black "Du, Daniel"]
[Result "1-0"]
[WhiteElo "2164"]
[BlackElo "1695"]
[PlyCount "83"]
[EventDate "2019.08.16"]
[EventType "swiss"]
[EventRounds "9"]
[EventCountry "CAN"]

1. Nf3 Nf6 2. g3 g6 3. b3 Bg7 4. Bb2 O-O 5. Bg2 d6 6. d4 c5 7. c4 Qa5+ 8. Bc3
Qc7 9. Nbd2 Bf5 10. d5 Re8 11. Nh4 Bd7 12. O-O b5 13. Qc2 a5 14. cxb5 Bxb5 15.
Nc4 Bxc4 16. bxc4 Nbd7 17. Rab1 Nb6 18. Rb5 Nxc4 19. Bxf6 Na3 20. Qb2 Nxb5 21.
Bxg7 Reb8 22. Bh6 Nd4 23. Qd2 Qd7 24. f4 Qb5 25. e3 Qe2 26. Qc1 Nc2 27. f5 Rb4
28. Bf3 Qd3 29. Rd1 Qc4 30. Rd2 Nxe3 31. Qa1 f6 32. Bxe3 Rab8 33. Qe1 Rb1 34.
Bd1 g5 35. Ng2 Rc1 36. Bf2 Rbb1 37. Qe6+ Kf8 38. Ne3 Qc3 39. Kg2 Qxd2 40. Bh5
Rg1+ 41. Kh3 g4+ 42. Kh4 1-0

[Event "NAYCC U16"]
[Site "Kingston CAN"]
[Date "2019.08.17"]
[Round "3.161"]
[White "Liao, Joseph"]
[Black "Surya, Benito"]
[Result "0-1"]
[WhiteElo "1694"]
[BlackElo "1920"]
[PlyCount "48"]
[EventDate "2019.08.16"]
[EventType "swiss"]
[EventRounds "9"]
[EventCountry "CAN"]

1. e4 d5 2. exd5 Qxd5 3. Nc3 Qa5 4. d4 Nf6 5. Nf3 Bg4 6. h3 Bh5 7. g4 Bg6 8.
Bd2 e6 9. Bg2 c6 10. Ne5 Nbd7 11. Nxg6 hxg6 12. Qe2 Qb6 13. g5 Nd5 14. Nxd5
cxd5 15. Bxd5 Qxb2 16. O-O Qxd4 17. Bxe6 O-O-O 18. Be3 Qe4 19. Bg4 Bc5 20. Rab1
Bxe3 21. Bf3 Qf4 22. Bxb7+ Kc7 23. fxe3 Qxg5+ 24. Kh2 Rxh3+ 0-1

[Event "NAYCC U16"]
[Site "Kingston CAN"]
[Date "2019.08.17"]
[Round "3.162"]
[White "Parsheh, Arshia"]
[Black "Maycock Bates, David Henry"]
[Result "1-0"]
[WhiteElo "1608"]
[BlackElo "1851"]
[PlyCount "93"]
[EventDate "2019.08.16"]
[EventType "swiss"]
[EventRounds "9"]
[EventCountry "CAN"]

1. d4 Nf6 2. c4 e6 3. Nf3 d5 4. Nc3 Be7 5. Bg5 O-O 6. e3 h6 7. Bh4 b6 8. cxd5
Nxd5 9. Bxe7 Qxe7 10. Nxd5 exd5 11. Be2 Be6 12. O-O c5 13. Qa4 Nd7 14. Ba6 Nb8
15. Be2 Bg4 16. Rfe1 Nd7 17. dxc5 bxc5 18. Qxg4 Rab8 19. b3 Rb4 20. Qf5 Nf6 21.
Qe5 Qd7 22. Red1 Re8 23. Qc3 Ne4 24. Qd3 Qe7 25. a3 c4 26. bxc4 Rb2 27. Nd2 Qe5
28. Rac1 Nxd2 29. Rxd2 dxc4 30. Rxc4 Rxd2 31. Qxd2 Rb8 32. Rb4 Rc8 33. Qd4 Qa5
34. Qb2 Qd8 35. g3 a5 36. Rg4 g6 37. Rd4 Qe7 38. a4 Kh7 39. Bb5 Qf6 40. Qd2 Qf3
41. Rf4 Qb7 42. Bc4 Rc7 43. Qd5 Qxd5 44. Bxd5 f5 45. Rc4 Ra7 46. Rc6 Rd7 47.
Bc4 1-0

[Event "NAYCC U16"]
[Site "Kingston CAN"]
[Date "2019.08.17"]
[Round "3.163"]
[White "Ning, Alwin"]
[Black "Ahmed, Syed Ibrahim"]
[Result "0-1"]
[WhiteElo "1476"]
[BlackElo "1815"]
[PlyCount "98"]
[EventDate "2019.08.16"]
[EventType "swiss"]
[EventRounds "9"]
[EventCountry "CAN"]

1. e4 c6 2. d4 d5 3. Nd2 dxe4 4. Nxe4 Nf6 5. Nxf6+ exf6 6. Bf4 Bd6 7. Bxd6 Qxd6
8. Nf3 Qb4+ 9. Nd2 Qxd4 10. c3 Qe5+ 11. Qe2 O-O 12. Qxe5 fxe5 13. O-O-O Be6 14.
Bc4 Bd5 15. Bxd5 cxd5 16. Nf3 e4 17. Ng5 h6 18. Nh3 Rd8 19. Nf4 Nc6 20. Nxd5
Ne5 21. Rd4 Nd3+ 22. Kc2 Nxf2 23. Rf1 Ng4 24. Rxe4 Rxd5 25. Rxg4 Rad8 26. Rf2
g5 27. Rc4 R8d7 28. h4 f5 29. hxg5 hxg5 30. Rd4 f4 31. Rxd5 Rxd5 32. g3 fxg3
33. Rg2 Kg7 34. Rxg3 Kg6 35. c4 Rd7 36. b4 Kf5 37. c5 Kf4 38. Rg1 g4 39. Kc3 g3
40. a4 Kf3 41. Kc4 Rd2 42. Kb5 Rb2 43. Ka5 Kf2 44. Rc1 g2 45. b5 g1=Q 46. Rxg1
Kxg1 47. c6 bxc6 48. bxc6 Rb6 49. c7 Rc6 0-1

[Event "NAYCC U16"]
[Site "Kingston CAN"]
[Date "2019.08.17"]
[Round "3.164"]
[White "Chen, Andrew"]
[Black "Yang, Brian"]
[Result "1-0"]
[WhiteElo "2034"]
[BlackElo "1626"]
[PlyCount "55"]
[EventDate "2019.08.16"]
[EventType "swiss"]
[EventRounds "9"]
[EventCountry "CAN"]

1. e4 c5 2. Nc3 Nc6 3. g3 g6 4. Bg2 Bg7 5. d3 d6 6. Nge2 e6 7. O-O Nge7 8. Bg5
h6 9. Be3 O-O 10. d4 cxd4 11. Nxd4 a6 12. Qd2 Kh7 13. Rad1 Ne5 14. Qe2 Qc7 15.
Kh1 b5 16. a3 Bb7 17. Bc1 Rad8 18. f4 Nc4 19. f5 gxf5 20. exf5 Bxg2+ 21. Qxg2
Bxd4 22. Rxd4 Nxf5 23. Rxf5 exf5 24. Qh3 Qc6+ 25. Nd5 Ne5 26. Qxh6+ Kg8 27. Kg1
Nf3+ 28. Kf2 1-0

[Event "NAYCC U16"]
[Site "Kingston CAN"]
[Date "2019.08.17"]
[Round "3.165"]
[White "Cao, Bruce"]
[Black "Tinica, Gabriel"]
[Result "0-1"]
[WhiteElo "1359"]
[BlackElo "1776"]
[PlyCount "44"]
[EventDate "2019.08.16"]
[EventType "swiss"]
[EventRounds "9"]
[EventCountry "CAN"]

1. e4 c5 2. Nf3 Nc6 3. d4 cxd4 4. Nxd4 g6 5. Nc3 Bg7 6. Be3 Nf6 7. Bc4 O-O 8.
f3 Qb6 9. Bb3 Nxe4 10. Na4 Qa5+ 11. c3 Nxd4 12. Bxd4 Nf6 13. Qd2 d6 14. Bc2 e5
15. Bf2 b5 16. b4 Qc7 17. Nb2 e4 18. Bd4 exf3 19. O-O Bb7 20. c4 bxc4 21. Qc3
Nd5 22. Qd2 c3 0-1

[Event "NAYCC U16"]
[Site "Kingston CAN"]
[Date "2019.08.17"]
[Round "3.166"]
[White "Ju, Lawrence"]
[Black "Kochetkov, Maxim"]
[Result "1-0"]
[WhiteElo "1764"]
[BlackElo "1416"]
[PlyCount "97"]
[EventDate "2019.08.16"]
[EventType "swiss"]
[EventRounds "9"]
[EventCountry "CAN"]

1. d4 Nf6 2. c4 g6 3. Nc3 Bg7 4. Nf3 d6 5. e4 O-O 6. Be2 e5 7. d5 Nfd7 8. O-O
f5 9. Ng5 Nf6 10. c5 h6 11. Ne6 Bxe6 12. dxe6 Re8 13. Qb3 Qc8 14. e7+ Kh7 15.
exf5 gxf5 16. cxd6 cxd6 17. Nd5 Nxd5 18. Qxd5 Qc6 19. Qf7 f4 20. Bh5 Na6 21.
Qf5+ Kh8 22. Bxe8 Rxe8 23. Bd2 Qc7 24. Rac1 Qxe7 25. Ba5 Kg8 26. Rfd1 Qe6 27.
Qxe6+ Rxe6 28. Rc8+ Kf7 29. Ra8 e4 30. Rxa7 e3 31. Rxb7+ Kg6 32. fxe3 fxe3 33.
Rb6 Be5 34. Rxa6 e2 35. Rd3 Rf6 36. Rf3 Bd4+ 37. Kh1 Re6 38. g3 e1=Q+ 39. Bxe1
Rxe1+ 40. Kg2 Be5 41. b4 Re2+ 42. Rf2 Re4 43. b5 Rb4 44. a4 Kg7 45. Rd2 Kf7 46.
b6 Ke8 47. a5 Rb5 48. Rc2 Kd8 49. Rc7 1-0

[Event "NAYCC U16"]
[Site "Kingston CAN"]
[Date "2019.08.17"]
[Round "3.167"]
[White "Mart, Aidan"]
[Black "Wei, Daniel"]
[Result "0-1"]
[WhiteElo "1247"]
[BlackElo "1788"]
[PlyCount "54"]
[EventDate "2019.08.16"]
[EventType "swiss"]
[EventRounds "9"]
[EventCountry "CAN"]

1. e4 c5 2. Nf3 Nc6 3. d4 cxd4 4. Nxd4 g6 5. Nc3 Bg7 6. Be3 Nf6 7. Bd3 O-O 8.
O-O d5 9. exd5 Nxd5 10. Nxc6 bxc6 11. Nxd5 cxd5 12. c3 e5 13. Qd2 f5 14. Bh6 f4
15. Bxg7 Kxg7 16. Rfe1 e4 17. Bb5 Bb7 18. Qd4+ Kh6 19. Rad1 Rf5 20. Rxe4 dxe4
21. Qxd8 Rxd8 22. Rxd8 Rxb5 23. Rd2 Rd5 24. Rxd5 Bxd5 25. b3 Kg5 26. Kf1 Kf5
27. Ke2 h5 0-1

[Event "NAYCC U16"]
[Site "Kingston CAN"]
[Date "2019.08.17"]
[Round "3.168"]
[White "Wang, Collin"]
[Black "Vasic, Maxim"]
[Result "0-1"]
[WhiteElo "1229"]
[BlackElo "1862"]
[PlyCount "76"]
[EventDate "2019.08.16"]
[EventType "swiss"]
[EventRounds "9"]
[EventCountry "CAN"]

1. e4 e5 2. Nf3 Nc6 3. Bc4 Bc5 4. d3 Nf6 5. Bg5 d6 6. h3 Be6 7. Bb5 O-O 8. Bxc6
bxc6 9. c4 d5 10. d4 dxe4 11. Nxe5 Qxd4 12. Qxd4 Bxd4 13. Nxc6 Bxb2 14. Nd2
Bxa1 15. Bxf6 Bxf6 16. c5 Bd5 17. Nb4 Rad8 18. O-O h6 19. c6 e3 20. fxe3 Bxg2
21. Rf2 Bc3 22. Rxg2 Rxd2 23. Rxd2 Bxd2 24. Nd5 Rd8 25. Nxc7 Bxe3+ 26. Kg2 Bb6
27. Nb5 a6 28. Nc3 Ba5 29. Ne4 Rc8 30. Nc5 Rxc6 31. Nb3 Rc2+ 32. Kf3 Rxa2 33.
Nc5 Ra3+ 34. Kg4 Bb6 35. Nd7 Bc7 36. Nc5 Rg3+ 37. Kh4 g5+ 38. Kh5 Rxh3+ 0-1

[Event "NAYCC U16"]
[Site "Kingston CAN"]
[Date "2019.08.17"]
[Round "3.169"]
[White "Wang, Elon"]
[Black "Pride, Curtis"]
[Result "1-0"]
[WhiteElo "1601"]
[BlackElo "1163"]
[PlyCount "111"]
[EventDate "2019.08.16"]
[EventType "swiss"]
[EventRounds "9"]
[EventCountry "CAN"]

1. e4 e5 2. Nf3 Nc6 3. Bb5 Bc5 4. O-O f6 5. c3 a6 6. Ba4 g5 7. d4 exd4 8. cxd4
Bb6 9. d5 g4 10. dxc6 gxf3 11. cxd7+ Bxd7 12. Bxd7+ Qxd7 13. Qxd7+ Kxd7 14.
gxf3 Rd8 15. Rd1+ Kc8 16. Rxd8+ Kxd8 17. Be3 c5 18. b4 Bc7 19. Bd2 cxb4 20.
Bxb4 Ne7 21. Bxe7+ Kxe7 22. Nc3 Kf7 23. Rb1 b6 24. Nd5 Rg8+ 25. Kh1 Rc8 26.
Nxc7 Rxc7 27. Rxb6 a5 28. Ra6 Rc5 29. Kg2 Kg6 30. f4 Kf7 31. Kg3 h5 32. f3 Kg7
33. h3 f5 34. e5 Rd5 35. a4 Rd4 36. Rxa5 Kh6 37. Ra6+ Kh7 38. a5 Ra4 39. Ra8
Kh6 40. e6 h4+ 41. Kxh4 Rxf4+ 42. Kg3 Rd4 43. e7 f4+ 44. Kf2 Rd7 45. e8=Q Rg7
46. Ra6+ Kh7 47. Qh5+ Kg8 48. Rh6 Kf8 49. Qf5+ Rf7 50. Rf6 Rxf6 51. Qxf6+ Ke8
52. Qb6 Kd7 53. a6 Kc8 54. Qb7+ Kd8 55. a7 Ke8 56. a8=R# 1-0

[Event "NAYCC U16"]
[Site "Kingston CAN"]
[Date "2019.08.17"]
[Round "3.170"]
[White "Bilodeau-Savaria, Carl-William"]
[Black "Vigil, Enrique"]
[Result "1-0"]
[WhiteElo "1447"]
[BlackElo "1003"]
[PlyCount "93"]
[EventDate "2019.08.16"]
[EventType "swiss"]
[EventRounds "9"]
[EventCountry "CAN"]

1. d4 d5 2. c4 c6 3. e3 Nf6 4. Nf3 Bf5 5. Nc3 Nbd7 6. Bd3 Bxd3 7. Qxd3 dxc4 8.
Qxc4 Nb6 9. Qe2 e6 10. O-O Bd6 11. e4 O-O 12. e5 Bc7 13. exf6 Qxf6 14. Ne4 Qe7
15. Bg5 f6 16. Bd2 f5 17. Nc5 Rae8 18. Rfe1 Rf6 19. Bg5 Nd5 20. Bxf6 Qxf6 21.
Nd3 Kf7 22. Nfe5+ Bxe5 23. Nxe5+ Kg8 24. Rad1 Qg5 25. Qf3 h5 26. Qg3 Qf6 27.
Rd3 g5 28. h4 g4 29. f4 Qh6 30. Rb3 Re7 31. Rf1 a5 32. Qe1 Nxf4 33. Qe3 a4 34.
Ra3 b5 35. Qxf4 Qg7 36. Rc3 b4 37. Rxc6 Kh7 38. Rfc1 b3 39. axb3 axb3 40. Nd3
Rd7 41. Rc7 Rxc7 42. Rxc7 Qxc7 43. Qxc7+ Kg6 44. g3 f4 45. Ne5+ Kf5 46. Qh7+
Kf6 47. Qf7# 1-0

[Event "NAYCC U16"]
[Site "Kingston CAN"]
[Date "2019.08.17"]
[Round "3.171"]
[White "Lam, Eric"]
[Black "Jeyakumar, Yathushan"]
[Result "1/2-1/2"]
[WhiteElo "1093"]
[BlackElo "1442"]
[PlyCount "69"]
[EventDate "2019.08.16"]
[EventType "swiss"]
[EventRounds "9"]
[EventCountry "CAN"]

1. e4 c5 2. Nf3 e6 3. d4 cxd4 4. Nxd4 Nf6 5. Bg5 Be7 6. Bd3 Qa5+ 7. Bd2 Qc7 8.
f4 a6 9. a4 Nc6 10. c3 Qb6 11. Na3 Nxd4 12. Nc4 Qb3 13. Qb1 Nc6 14. Be3 Nxe4
15. Nb6 Nxc3 16. bxc3 Qxb1+ 17. Rxb1 Rb8 18. Nxc8 Rxc8 19. Rxb7 a5 20. Bb5 O-O
21. Rxd7 Bf6 22. Ke2 Bxc3 23. Rc1 Nb4 24. f5 exf5 25. Bb6 Rfe8+ 26. Kf3 g5 27.
g3 g4+ 28. Kf4 Be5+ 29. Kxf5 Rxc1 30. Bxa5 Nc2 31. Kxg4 Nd4 32. Rxd4 Bxd4 33.
Bxe8 Rc4 34. Kf3 Be5 35. Bb6 1/2-1/2

[Event "NAYCC U16"]
[Site "Kingston CAN"]
[Date "2019.08.17"]
[Round "4.151"]
[White "Shlyakhtenko, Robert"]
[Black "Rodrigue-Lemieux, Shawn"]
[Result "0-1"]
[WhiteElo "2196"]
[BlackElo "2199"]
[PlyCount "70"]
[EventDate "2019.08.16"]
[EventType "swiss"]
[EventRounds "9"]
[EventCountry "CAN"]

1. c4 Nf6 2. Nc3 e6 3. e4 d5 4. e5 d4 5. exf6 dxc3 6. bxc3 Qxf6 7. Nf3 b6 8. g3
Bb7 9. Bg2 Nd7 10. O-O Bd6 11. d4 h6 12. Rb1 Rd8 13. Qd3 Ba6 14. Re1 O-O 15.
Qe2 Rfe8 16. Be3 e5 17. Nd2 Qg6 18. Qd1 f5 19. Qa4 Bc8 20. c5 bxc5 21. dxc5 Bf8
22. c6 Nf6 23. Nc4 f4 24. Bxa7 e4 25. Rb5 Ng4 26. Ra5 e3 27. fxe3 Nxh2 28. Ne5
Rxe5 29. Rxe5 Nf3+ 30. Bxf3 Qxg3+ 31. Bg2 Qxe1+ 32. Kh2 Qg3+ 33. Kh1 f3 34.
Qc4+ Kh8 35. a3 Qxg2# 0-1

[Event "NAYCC U16"]
[Site "Kingston CAN"]
[Date "2019.08.17"]
[Round "4.155"]
[White "Xiao, Edward"]
[Black "Talukdar, Rohan"]
[Result "0-1"]
[WhiteElo "1831"]
[BlackElo "2399"]
[PlyCount "54"]
[EventDate "2019.08.16"]
[EventType "swiss"]
[EventRounds "9"]
[EventCountry "CAN"]

1. d4 Nf6 2. c4 g6 3. Nc3 d5 4. cxd5 Nxd5 5. Bd2 Bg7 6. e4 Nb6 7. Be3 O-O 8.
Be2 Nc6 9. Nf3 Bg4 10. d5 Bxf3 11. gxf3 Na5 12. Bd4 Qd6 13. Bxg7 Kxg7 14. Nb5
Qb4+ 15. Qd2 Qxd2+ 16. Kxd2 c6 17. dxc6 Rfd8+ 18. Kc2 Nxc6 19. Rad1 a6 20. Nc3
Nd4+ 21. Kb1 e5 22. Rd2 Rd6 23. a4 a5 24. Ka2 Rf6 25. Rd3 Nxa4 26. Nxa4 Nxe2
27. Nb6 Rxb6 0-1

[Event "NAYCC U16"]
[Site "Kingston CAN"]
[Date "2019.08.17"]
[Round "4.156"]
[White "Idnani, Roshan"]
[Black "Wang, Henry"]
[Result "1/2-1/2"]
[WhiteElo "2034"]
[BlackElo "2001"]
[PlyCount "33"]
[EventDate "2019.08.16"]
[EventType "swiss"]
[EventRounds "9"]
[EventCountry "CAN"]

1. e4 c6 2. d4 d5 3. e5 c5 4. dxc5 e6 5. Nf3 Bxc5 6. a3 Ne7 7. b4 Bb6 8. Bd3
Ng6 9. O-O a5 10. b5 a4 11. g3 Nd7 12. Bb2 Qc7 13. Qe2 Nc5 14. Nbd2 O-O 15. c4
Nxd3 16. Qxd3 Rd8 17. Rac1 1/2-1/2

[Event "NAYCC U16"]
[Site "Kingston CAN"]
[Date "2019.08.17"]
[Round "4.157"]
[White "Chen, Benjamin"]
[Black "Ramesh, Sanjay"]
[Result "1-0"]
[WhiteElo "1972"]
[BlackElo "1531"]
[PlyCount "111"]
[EventDate "2019.08.16"]
[EventType "swiss"]
[EventRounds "9"]
[EventCountry "CAN"]

1. d4 d5 2. c4 e6 3. Nf3 Nf6 4. g3 Bd6 5. Bg2 c6 6. O-O Nbd7 7. Nc3 O-O 8. Nd2
Re8 9. e4 dxe4 10. Ndxe4 Nxe4 11. Nxe4 Be7 12. Qc2 Nf6 13. Rd1 Nxe4 14. Bxe4 h6
15. d5 Qc7 16. dxc6 bxc6 17. c5 e5 18. Be3 Be6 19. b4 Red8 20. b5 Bd5 21. b6
axb6 22. cxb6 Qb7 23. a4 Bb4 24. Rab1 c5 25. Rxd5 Rxd5 26. Qc4 Rad8 27. Bxd5
Rxd5 28. Qb5 Qd7 29. Qxd7 Rxd7 30. a5 Bxa5 31. b7 Bc7 32. b8=Q+ Bxb8 33. Rxb8+
Kh7 34. Bxc5 Rd5 35. Be3 Kg6 36. Kg2 f5 37. Rb6+ Kh7 38. h4 Ra5 39. Bd2 Ra2 40.
Bc3 e4 41. Rb7 Rc2 42. Bxg7 Kg6 43. Bd4 Kh5 44. Be3 Rc6 45. Rb6 Rxb6 46. Bxb6
Kg4 47. Be3 h5 48. Kf1 Kh3 49. Ke2 Kg2 50. Kd2 Kf3 51. Kc3 f4 52. Bxf4 Kxf2 53.
Kd4 e3 54. Bxe3+ Kxg3 55. Bg5 Kg4 56. Ke5 1-0

[Event "NAYCC U16"]
[Site "Kingston CAN"]
[Date "2019.08.17"]
[Round "4.158"]
[White "Ahmed, Syed Ibrahim"]
[Black "Yang, Kevin"]
[Result "0-1"]
[WhiteElo "1815"]
[BlackElo "2164"]
[PlyCount "97"]
[EventDate "2019.08.16"]
[EventType "swiss"]
[EventRounds "9"]
[EventCountry "CAN"]

1. d4 Nf6 2. c4 e6 3. g3 d5 4. Nf3 dxc4 5. Bg2 Bb4+ 6. Bd2 c5 7. Bxb4 cxb4 8.
Qa4+ Nc6 9. Ne5 O-O 10. Nxc6 bxc6 11. Qxb4 Nd5 12. Qxc4 Qb6 13. b3 Ba6 14. Qc5
Nb4 15. Qxb6 axb6 16. Kd2 Rad8 17. a3 Nd5 18. e3 c5 19. Rd1 cxd4 20. exd4 Nf6
21. Kc3 e5 22. Ra2 Rc8+ 23. Kb4 Rfd8 24. Rad2 e4 25. Nc3 Bd3 26. Rxd3 exd3 27.
Rxd3 Kf8 28. d5 Rc5 29. Na4 Nxd5+ 30. Bxd5 Rcxd5 31. Rxd5 Rxd5 32. Nxb6 Rd2 33.
a4 Ke7 34. a5 Ra2 35. Kb5 Kd6 36. b4 Kc7 37. Ka6 Kc6 38. Nc8 Kc7 39. Na7 Rxf2
40. b5 Rf6+ 41. b6+ Kb8 42. Kb5 Rf5+ 43. Ka6 Rc5 44. Nb5 f5 45. Nd6 g6 46. Ne8
Rc6 47. Kb5 Re6 48. Nc7 Re5+ 49. Kb4 0-1

[Event "NAYCC U16"]
[Site "Kingston CAN"]
[Date "2019.08.17"]
[Round "4.159"]
[White "Chen, Alex"]
[Black "Liang, Dustin"]
[Result "1/2-1/2"]
[WhiteElo "1796"]
[BlackElo "1885"]
[PlyCount "129"]
[EventDate "2019.08.16"]
[EventType "swiss"]
[EventRounds "9"]
[EventCountry "CAN"]

1. e4 c5 2. c3 Nf6 3. e5 Nd5 4. Bc4 Nb6 5. Bb3 Nc6 6. Nf3 d5 7. exd6 Qxd6 8.
O-O Be6 9. Bxe6 Qxe6 10. a4 Qd7 11. a5 Nd5 12. Qa4 e6 13. Rd1 Rd8 14. Na3 Be7
15. a6 b6 16. d4 cxd4 17. Nxd4 Nxd4 18. Qxd4 O-O 19. c4 Bxa3 20. Rxa3 Nf6 21.
Rad3 Qxd4 22. Rxd4 Rxd4 23. Rxd4 e5 24. Rd1 h6 25. Kf1 Rc8 26. b3 Ne8 27. Rd7
Nc7 28. Ba3 Nxa6 29. Rxa7 Nc5 30. Bxc5 bxc5 31. Rb7 f5 32. Ke2 e4 33. Ke3 g5
34. h4 Rd8 35. hxg5 hxg5 36. Rb5 Rd3+ 37. Ke2 f4 38. f3 Re3+ 39. Kf2 exf3 40.
gxf3 Kf7 41. Rxc5 Rxb3 42. Rxg5 Kf6 43. Rd5 Rc3 44. Kg2 Rxc4 45. Kh3 Ke6 46.
Ra5 Kf6 47. Kg4 Kg6 48. Ra6+ Kf7 49. Kf5 Ke7 50. Ke5 Kf7 51. Rf6+ Kg7 52. Rd6
Kf7 53. Rd7+ Kg6 54. Rd8 Ra4 55. Rd4 Rxd4 56. Kxd4 Kf6 57. Ke4 Ke6 58. Kxf4 Kf6
59. Ke4 Ke6 60. f4 Kf6 61. f5 Kf7 62. Ke5 Ke7 63. f6+ Kf7 64. Kf5 Kf8 65. Ke6
1/2-1/2

[Event "NAYCC U16"]
[Site "Kingston CAN"]
[Date "2019.08.17"]
[Round "4.160"]
[White "Yang, Fan"]
[Black "Chen, Andrew"]
[Result "1-0"]
[WhiteElo "2012"]
[BlackElo "2034"]
[PlyCount "71"]
[EventDate "2019.08.16"]
[EventType "swiss"]
[EventRounds "9"]
[EventCountry "CAN"]

1. e4 e5 2. Nf3 Nc6 3. Bc4 Nf6 4. d3 Bc5 5. c3 d6 6. Bb3 h6 7. Nbd2 O-O 8. h3
a6 9. O-O Be6 10. Re1 Ba7 11. Nf1 Re8 12. Ng3 d5 13. Qe2 Qd7 14. Bc2 Rad8 15.
a4 a5 16. Bd2 Bc5 17. Rad1 Nh7 18. Nh4 f6 19. Nhf5 Ne7 20. Qg4 Ng5 21. h4 g6
22. hxg5 gxf5 23. exf5 Nxf5 24. gxf6+ Kh8 25. d4 Nxd4 26. Qg7+ Qxg7 27. fxg7+
Kxg7 28. cxd4 Bxd4 29. Bc3 c5 30. Bxa5 Rd7 31. Bc3 Kf6 32. Bxd4 exd4 33. Nh5+
Kf7 34. Nf4 Bg4 35. Bg6+ Kf6 36. Bxe8 1-0

[Event "NAYCC U16"]
[Site "Kingston CAN"]
[Date "2019.08.17"]
[Round "4.161"]
[White "Tinica, Gabriel"]
[Black "Chin, Jonathan"]
[Result "1-0"]
[WhiteElo "1776"]
[BlackElo "1921"]
[PlyCount "155"]
[EventDate "2019.08.16"]
[EventType "swiss"]
[EventRounds "9"]
[EventCountry "CAN"]

1. d4 Nf6 2. c4 g6 3. Nc3 Bg7 4. e4 d6 5. f4 O-O 6. Nf3 c5 7. d5 e6 8. Be2 exd5
9. cxd5 Re8 10. Nd2 a6 11. a4 a5 12. O-O Na6 13. Bf3 Nb4 14. Nc4 b6 15. e5 dxe5
16. fxe5 Nd7 17. e6 Ne5 18. Nxe5 Bxe5 19. exf7+ Kxf7 20. d6 Ra7 21. Nb5 Rd7 22.
Bd2 Kg7 23. Bxb4 axb4 24. Nc7 Rxc7 25. dxc7 Qxc7 26. Bd5 Bxh2+ 27. Kh1 Be6 28.
Bxe6 Rxe6 29. Qf3 Bd6 30. Rae1 Qe7 31. Rxe6 Qxe6 32. b3 Qe7 33. g3 Qe6 34. Kg2
h5 35. Rf2 Qe7 36. Re2 Qg5 37. Qd3 Qf6 38. Qd5 Kh6 39. Qe6 Qd4 40. Qe3+ Kg7 41.
Qxd4+ cxd4 42. Re6 Bc5 43. Kf3 Kf7 44. Re2 Kf6 45. Ke4 Ke6 46. Rc2 d3 47. Rd2
g5 48. Rxd3 h4 49. gxh4 gxh4 50. Rd5 Bf2 51. Rh5 Kd6 52. Kf3 Be1 53. Kg4 Kc6
54. Re5 Bg3 55. Rf5 Be1 56. Rh5 Kb7 57. Kf4 Ka6 58. Ke4 Bf2 59. Kd3 Bg3 60. Kc4
Be1 61. Re5 Bg3 62. Re7 h3 63. Rh7 h2 64. Kxb4 Bf4 65. Kc4 Be5 66. b4 b5+ 67.
axb5+ Kb6 68. Rh6+ Kc7 69. b6+ Kb7 70. Kb5 Kc8 71. Kc6 Kb8 72. Rh7 Kc8 73. b7+
Kb8 74. Kb6 Bd4+ 75. Ka6 Be5 76. b5 Bg7 77. b6 Be5 78. Re7 1-0

[Event "NAYCC U16"]
[Site "Kingston CAN"]
[Date "2019.08.17"]
[Round "4.162"]
[White "Surya, Benito"]
[Black "Ju, Lawrence"]
[Result "1-0"]
[WhiteElo "1920"]
[BlackElo "1764"]
[PlyCount "63"]
[EventDate "2019.08.16"]
[EventType "swiss"]
[EventRounds "9"]
[EventCountry "CAN"]

1. e4 c5 2. Nf3 Nc6 3. Bb5 g6 4. O-O Bg7 5. Re1 a6 6. Bf1 d6 7. h3 Be6 8. c3
Qb6 9. Na3 Nf6 10. d4 cxd4 11. cxd4 d5 12. e5 Nd7 13. b3 Rc8 14. Nc2 h6 15. Bd3
Nb4 16. Nxb4 Qxb4 17. Bd2 Qb6 18. Be3 O-O 19. Qd2 Kh7 20. Nh4 Nb8 21. f4 f5 22.
g4 Nc6 23. Rac1 Nb4 24. Bb1 a5 25. Qg2 Qb5 26. gxf5 Bxf5 27. Bxf5 Rxc1 28.
Qxg6+ Kg8 29. Rxc1 Qe2 30. Qh7+ Kf7 31. e6+ Ke8 32. Rc8# 1-0

[Event "NAYCC U16"]
[Site "Kingston CAN"]
[Date "2019.08.17"]
[Round "4.163"]
[White "Wei, Daniel"]
[Black "Parsheh, Arshia"]
[Result "1-0"]
[WhiteElo "1788"]
[BlackElo "1608"]
[PlyCount "51"]
[EventDate "2019.08.16"]
[EventType "swiss"]
[EventRounds "9"]
[EventCountry "CAN"]

1. e4 e6 2. d4 d5 3. Nd2 Nf6 4. e5 Nfd7 5. Bd3 c5 6. c3 Nc6 7. Ne2 Be7 8. f4 f6
9. O-O Qb6 10. Nf3 O-O 11. Kh1 a6 12. Qe1 Rf7 13. Rg1 Nf8 14. g4 h6 15. exf6
Bxf6 16. g5 hxg5 17. dxc5 Qxc5 18. Nxg5 Bxg5 19. Rxg5 g6 20. Bxg6 Nxg6 21.
Rxg6+ Kf8 22. Qg3 Qc4 23. Qg2 Ne7 24. b3 Qd3 25. Ba3 Bd7 26. Rg8# 1-0

[Event "NAYCC U16"]
[Site "Kingston CAN"]
[Date "2019.08.17"]
[Round "4.164"]
[White "Zhao, Ian"]
[Black "Wang, Alex"]
[Result "1-0"]
[WhiteElo "2210"]
[BlackElo "770"]
[PlyCount "43"]
[EventDate "2019.08.16"]
[EventType "swiss"]
[EventRounds "9"]
[EventCountry "CAN"]

1. e4 c5 2. Nf3 Nc6 3. c3 Nf6 4. e5 Nd5 5. d4 cxd4 6. cxd4 e6 7. Bc4 Nb6 8. Bb3
d5 9. O-O Be7 10. Nc3 a5 11. Re1 Bd7 12. Bf4 O-O 13. a3 Nc4 14. Qe2 Rc8 15.
Rad1 Qb6 16. Bxc4 dxc4 17. d5 exd5 18. Nxd5 Qd8 19. Qxc4 Nxe5 20. Nxe7+ Qxe7
21. Rxe5 Qxe5 22. Nxe5 1-0

[Event "NAYCC U16"]
[Site "Kingston CAN"]
[Date "2019.08.17"]
[Round "4.165"]
[White "Vasic, Maxim"]
[Black "Liao, Joseph"]
[Result "1-0"]
[WhiteElo "1862"]
[BlackElo "1694"]
[PlyCount "49"]
[EventDate "2019.08.16"]
[EventType "swiss"]
[EventRounds "9"]
[EventCountry "CAN"]

1. d4 e6 2. c4 Nf6 3. Nc3 Bb4 4. f3 Bxc3+ 5. bxc3 b6 6. e4 d6 7. Bd3 e5 8. Ne2
O-O 9. O-O c5 10. f4 Nc6 11. d5 Na5 12. fxe5 dxe5 13. Bg5 Bg4 14. Qe1 Qd7 15.
Rxf6 gxf6 16. Bxf6 h6 17. Qh4 Kh7 18. Bg5 Qd6 19. Qxg4 hxg5 20. Ng3 Qg6 21. Nf5
Rae8 22. Rf1 Rh8 23. Rf3 Nb7 24. Rh3+ Kg8 25. Ne7+ 1-0